Bolivia : 2009 Article IV Consultation; Staff Report; Staff Supplement; Staff Statement; Public Information Notice on the Executive Board Discussion; and Statement by the Executive Director for Bolivia.

The staff report for Bolivia's 2009 Article IV Consultation describes economic developments and policies. The impact of the global recession on Bolivia has been milder than in other countries in the region. Lower commodity exports and remittances have resulted in a sharp narrowing of the extern...

Descrición completa

Detalles Bibliográficos
Autor Corporativo: International Monetary Fund
Formato: Revista
Idioma:English
Publicado: Washington, D.C. : International Monetary Fund, 2010.
Series:IMF Staff Country Reports; Country Report ; No. 2010/027
Acceso en liña:Full text available on IMF
LEADER 01824cas a2200241 a 4500
001 AALejournalIMF006261
008 230101c9999 xx r poo 0 0eng d
020 |c 5.00 USD 
020 |z 9781451805864 
022 |a 1934-7685 
040 |a BD-DhAAL  |c BD-DhAAL 
110 2 |a International Monetary Fund. 
245 1 0 |a Bolivia :   |b 2009 Article IV Consultation; Staff Report; Staff Supplement; Staff Statement; Public Information Notice on the Executive Board Discussion; and Statement by the Executive Director for Bolivia. 
264 1 |a Washington, D.C. :  |b International Monetary Fund,  |c 2010. 
300 |a 1 online resource (67 pages) 
490 1 |a IMF Staff Country Reports 
500 |a <strong>Off-Campus Access:</strong> No User ID or Password Required 
500 |a <strong>On-Campus Access:</strong> No User ID or Password Required 
506 |a Electronic access restricted to authorized BRAC University faculty, staff and students 
520 3 |a The staff report for Bolivia's 2009 Article IV Consultation describes economic developments and policies. The impact of the global recession on Bolivia has been milder than in other countries in the region. Lower commodity exports and remittances have resulted in a sharp narrowing of the external current account surplus. The financial system has been barely affected by the global crisis owing to its limited integration with international capital markets. As the economy gathers momentum, a tighter monetary policy is needed to reduce the risks of excessive credit creation, foreign-exchange pressures, and a pick-up in inflation. 
538 |a Mode of access: Internet 
830 0 |a IMF Staff Country Reports; Country Report ;  |v No. 2010/027 
856 4 0 |z Full text available on IMF  |u http://elibrary.imf.org/view/journals/002/2010/027/002.2010.issue-027-en.xml  |z IMF e-Library